IPD Global Index 2007 (Record no. 107559)

MARC details
000 -LEADER
fixed length control field 01285cad a22002175a 4500
001 - CONTROL NUMBER
control field L140876
008 - FIXED-LENGTH DATA ELEMENTS--GENERAL INFORMATION
fixed length control field 071016s2007 xxkad f s 000 0 eng d
035 ## - SYSTEM CONTROL NUMBER
System control number (Sirsi) u140876
041 0# - LANGUAGE CODE
Language code of text/sound track or separate title eng
050 04 - LIBRARY OF CONGRESS CALL NUMBER
Classification number 333.33016 $2 18
110 2# - MAIN ENTRY--CORPORATE NAME
Corporate name or jurisdiction name as entry element Investment Property Databank
9 (RLIN) 2288
245 00 - TITLE STATEMENT
Title IPD Global Index 2007
Remainder of title consultation release
Medium [electronic resource]
260 ## - PUBLICATION, DISTRIBUTION, ETC.
Place of publication, distribution, etc. London
Name of publisher, distributor, etc. IPD
Date of publication, distribution, etc. 2007
490 #0 - SERIES STATEMENT
Series statement IPD Global Index
Volume/sequential designation 2007
520 ## - SUMMARY, ETC.
Summary, etc. Consultation edition of the annual index which measures the combined performance of real estate investments held in twenty countries. The local currency global total return was 14.9% in 2006. In 2006, offices gave the strongest world-wide returns at 15.5% compared to 14.9% in retail and 12.4% in residential. However, in the major investor currencies retail gave the highest yield. The residential sector had the poorest global performance with single figure returns in both Sterling and Euros.
590 ## - LOCAL NOTE (RLIN)
Local note ka
651 #4 - SUBJECT ADDED ENTRY--GEOGRAPHIC NAME
Geographic name International
690 ## - LOCAL SUBJECT ADDED ENTRY--TOPICAL TERM (OCLC, RLIN)
Topical term or geographic name as entry element PROPERTY-COMMERCIAL PROPERTY-COMMERCIAL PROPERTY MARKET
856 48 - ELECTRONIC LOCATION AND ACCESS
Uniform Resource Identifier <a href="https://www.ipdglobal.com/results/indices/global/index.asp">https://www.ipdglobal.com/results/indices/global/index.asp</a>
Public note View this item free of charge at: www.ipdglobal.com/ (See: indices and market information/indices and publications/IPD property digests)
942 ## - ADDED ENTRY ELEMENTS (KOHA)
Suppress in OPAC 0
Holdings
Withdrawn status Lost status Source of classification or shelving scheme Damaged status Not for loan Home library Current library Shelving location Date acquired Total Checkouts Full call number Barcode Date last seen Copy number Price effective from Koha item type
    Dewey Decimal Classification     Virtual Virtual Online 16/10/2007   ONLINE PUBLICATION 140876-1001 06/08/2019 1 06/08/2019 Book